[Event "Vicenza op 6th"]
[Site "Vicenza"]
[Date "2002.10.??"]
[Round "6"]
[White "Opacic, Alexandar"]
[Black "Miatello, Alberto"]
[Result "1-0"]
[WhiteElo "2088"]
[BlackElo "1818"]
[PlyCount "77"]
[EventDate "2002.10.05"]
[EventType "swiss"]
[EventRounds "6"]
[EventCountry "ITA"]
[SourceTitle "EXT 2023"]
[Source "ChessBase"]
[SourceDate "2022.10.05"]
[SourceVersion "1"]
[SourceVersionDate "2022.10.05"]
[SourceQuality "1"]

1. e4 c5 2. Nf3 e6 3. d4 cxd4 4. Nxd4 Nc6 5. Nc3 a6 6. Be3 Qc7 7. Be2 d6 8. 0-0 Bd7 9. a4 Nf6 10. f4 Be7 11. Nb3 b6 12. Qe1 0-0 13. Qf2 Rfb8 14. Bf3 Nb4 15. Rfd1 e5 16. f5 b5 17. a5 Nxc2 18. Qxc2 b4 19. Bb6 Qc6 20. Qd3 bxc3 21. Rac1 Rxb6 22. Nd4 Qc5 23. axb6 exd4 24. e5 Nd5 25. Qxd4 Qxd4+ 26. Rxd4 cxb2 27. Rb1 Nc3 28. Bxa8 Ne2+ 29. Kf2 Nxd4 30. Rxb2 dxe5 31. b7 Nc6 32. b8Q+ Nxb8 33. Rxb8+ Bf8 34. g4 g6 35. Rd8 Bb5 36. Bd5 gxf5 37. gxf5 Kg7 38. f6+ Kg8 39. Ke3 1-0